NAYE BHARAT KA NIRMAAN (Record no. 8567)

MARC details
000 -LEADER
fixed length control field 00357nam a22001457a 4500
005 - DATE AND TIME OF LATEST TRANSACTION
control field 20240708122909.0
008 - FIXED-LENGTH DATA ELEMENTS--GENERAL INFORMATION
fixed length control field 240708b |||||||| |||| 00| 0 eng d
020 ## - INTERNATIONAL STANDARD BOOK NUMBER
ISBN 978-93-5048-228-5
041 ## - LANGUAGE CODE
Language code of text/sound track or separate title eng
100 ## - MAIN ENTRY--AUTHOR NAME
Personal name VASLEKAR, SANDEEP
245 ## - TITLE STATEMENT
Title NAYE BHARAT KA NIRMAAN
260 ## - PUBLICATION, DISTRIBUTION, ETC. (IMPRINT)
Place of publication NEW DELHI
Name of publisher PRABHAT PAPERBACKS
300 ## - PHYSICAL DESCRIPTION
Number of Pages 192;P
942 ## - ADDED ENTRY ELEMENTS (KOHA)
Koha item type Books
Holdings
Lost status Damaged status Home library Current library Shelving location Date acquired Source of acquisition Cost, normal purchase price Accession Number Koha item type
    JRU Library JRU Library SHELF-44-L 08/07/2024 PURCHASE 200.00 28271 Books
    JRU Library JRU Library SHELF-44-L 08/07/2024 PURCHASE 200.00 28272 Books